| 000 | 00354nam a22001457a 4500 | ||
|---|---|---|---|
| 020 | _a084937443X | ||
| 082 |
_a631.4 _bLAL/ME |
||
| 245 | _aMethods for Assessment of Soil Degradation | ||
| 260 |
_aNew York _bCRC Press _c2014 |
||
| 300 | _a558 | ||
| 490 | _aAdvances in Soil Science | ||
| 700 |
_aLal, R. _9969 |
||
| 700 |
_aBlum,W.H. _9970 |
||
| 942 | _cBK | ||
| 999 |
_c14559 _d14559 |
||